| 000 | 00452nam a2200157 a 4500 | ||
|---|---|---|---|
| 001 | 000027918 | ||
| 005 | 20200930031212.0 | ||
| 008 | 110405s1982 dr a 000 0 spa d | ||
| 040 |
_aDO-SdBNP _bspa _cBNPHU |
||
| 082 |
_axxxx _bF316d |
||
| 100 | 1 |
_aFélix, Joaqun _954985 |
|
| 245 | 1 | 0 |
_aDivagaciones intimas / _cJoaquín Félix. |
| 260 |
_aSanto Domingo : _bTalleres de Impresos de Calidad, _c1982. |
||
| 300 |
_a60 p. : _bil. ; _c20 cm. |
||
| 049 | _aBNPD | ||
| 999 |
_c27410 _d27410 |
||